000
00279 a2200121 4500
001
147034
040
_c
Escola São Tomás de Aquino
100
_a
BELINKY, Tatiana
240
1
0
_a
O caso dos ovos
_l
por
245
1
0
_a
O caso dos ovos
697
_a
*LITERATURA INFANTIL
942
_c
BK
999
_c
147034
_d
147034